On certain storms in Europe and America, (Record no. 52624)
[ view plain ]
| 000 -LEADER | |
|---|---|
| fixed length control field | 00826cam a22002651 4500 |
| 001 - CONTROL NUMBER | |
| control field | s 13000053 |
| 003 - CONTROL NUMBER IDENTIFIER | |
| control field | DLC |
| 005 - DATE AND TIME OF LATEST TRANSACTION | |
| control field | 20260227111910.0 |
| 008 - FIXED-LENGTH DATA ELEMENTS--GENERAL INFORMATION | |
| fixed length control field | 780314s1860 dcua f000 0 eng c |
| 010 ## - LIBRARY OF CONGRESS CONTROL NUMBER | |
| LC control number | s 13000053 |
| 035 ## - SYSTEM CONTROL NUMBER | |
| System control number | (OCoLC)3716948 |
| 040 ## - CATALOGING SOURCE | |
| Original cataloging agency | Smithsonian Inst. Library |
| Transcribing agency | NGenoU |
| Modifying agency | DLC |
| 042 ## - AUTHENTICATION CODE | |
| Authentication code | premarc |
| 043 ## - GEOGRAPHIC AREA CODE | |
| Geographic area code | e------ |
| -- | n------ |
| 045 ## - TIME PERIOD OF CONTENT | |
| Time period code | w3w3 |
| 050 00 - LIBRARY OF CONGRESS CALL NUMBER | |
| Classification number | Q11 |
| Item number | .S68 |
| 100 1# - MAIN ENTRY--PERSONAL NAME | |
| Personal name | Loomis, Elias, |
| Dates associated with a name | 1811-1889. |
| 245 10 - TITLE STATEMENT | |
| Title | On certain storms in Europe and America, |
| Remainder of title | December, 1836. |
| Statement of responsibility, etc. | By Elias Loomis. |
| 260 ## - PUBLICATION, DISTRIBUTION, ETC. | |
| Place of publication, distribution, etc. | [Washington, |
| Name of publisher, distributor, etc. | Smithsonian Institution, |
| Date of publication, distribution, etc. | 1860] |
| 300 ## - PHYSICAL DESCRIPTION | |
| Extent | 1 p. l., 26 p. |
| Other physical details | charts. |
| Dimensions | 33 cm. |
| 490 0# - SERIES STATEMENT | |
| Series statement | Smithsonian contributions to knowledge. [vol. XI, art. 8] |
| 490 0# - SERIES STATEMENT | |
| Series statement | Smithsonian Institution publication 127. |
| 650 #0 - SUBJECT ADDED ENTRY--TOPICAL TERM | |
| Topical term or geographic name entry element | Meteorology. |
| 650 #0 - SUBJECT ADDED ENTRY--TOPICAL TERM | |
| Topical term or geographic name entry element | Storms. |
No items available.